Normal view
MARC view
- Williams, Andrew T.
Entry Personal Name
001 - CONTROL NUMBER
- control field: 112942
003 - CONTROL NUMBER IDENTIFIER
- control field: NUST
005 - DATE AND TIME OF LATEST TRANSACTION
- control field: 20230601100034.0
008 - FIXED-LENGTH DATA ELEMENTS
- fixed length control field: 230601|| aca||aabn | a|a d
040 ## - CATALOGING SOURCE
- Original cataloging agency: NUST
- Transcribing agency: NUST
100 ## - HEADING--PERSONAL NAME
- Personal name: Williams, Andrew T.
670 ## - SOURCE DATA FOUND
- Source citation: Work cat.: (NUST)180481: Williams, Andrew T.,, Lotus 1-2-3 release 2, ASAP : , c1986.
